[Event "FRA-chT2 0910"]
[Site "France"]
[Date "2009.12.13"]
[Round "6.8"]
[White "Fornell, Marie Therese"]
[Black "Pelletier, Rachel"]
[Result "1/2-1/2"]
[WhiteElo "1510"]
[BlackElo "1774"]
[PlyCount "96"]
[EventDate "2009.09.27"]
[EventType "team-tourn"]
[EventRounds "11"]
[EventCountry "FRA"]
[SourceTitle "EXT 2011"]
[Source "ChessBase"]
[SourceDate "2010.11.26"]
[SourceVersion "1"]
[SourceVersionDate "2010.11.26"]
[SourceQuality "1"]

1. e4 c5 2. Nc3 Nc6 3. g3 g6 4. Bg2 Bg7 5. d3 d6 6. Be3 Nf6 7. h3 0-0 8. f4 e5 9. g4 Nd7 10. Qd2 exf4 11. Bxf4 Qh4+ 12. Qf2 Qxf2+ 13. Kxf2 Nde5 14. Nge2 a6 15. Nd5 b5 16. Rad1 b4 17. c3 a5 18. d4 cxd4 19. Nxd4 Bb7 20. Nxc6 Nxc6 21. Bxd6 Rfd8 22. Bc5 bxc3 23. bxc3 Rac8 24. Rhe1 Re8 25. c4 Ba6 26. Bf1 Ne5 27. Ne7+ Rxe7 28. Bxe7 Nxc4 29. Rd8+ Rxd8 30. Bxd8 Bd4+ 31. Kg3 Be5+ 32. Kg2 Bd4 33. Bxc4 Bxc4 34. Bxa5 Bxa2 35. Rd1 Be3 36. Rd8+ Kg7 37. Kf3 h6 38. Re8 Bd4 39. Bc7 Be6 40. h4 g5 41. hxg5 hxg5 42. Bd6 Bb2 43. Bf8+ Kg6 44. Be7 Bg7 45. Bf8 Bxf8 46. Rxf8 Kg7 47. Rb8 Bc4 48. e5 Be6 1/2-1/2

[Event "FRA-chT2 0910"]
[Site "France"]
[Date "2009.10.18"]
[Round "3.8"]
[White "Fornell, Marie Therese"]
[Black "Mamah, Isabelle"]
[Result "1/2-1/2"]
[WhiteElo "1510"]
[BlackElo "1718"]
[PlyCount "58"]
[EventDate "2009.09.27"]
[EventType "team-tourn"]
[EventRounds "11"]
[EventCountry "FRA"]
[SourceTitle "EXT 2011"]
[Source "ChessBase"]
[SourceDate "2010.11.26"]
[SourceVersion "1"]
[SourceVersionDate "2010.11.26"]
[SourceQuality "1"]

1. e4 c5 2. Nc3 g6 3. g3 Bg7 4. Bg2 Nc6 5. d3 Nf6 6. Be3 d6 7. Qd2 Ng4 8. h3 Nxe3 9. Qxe3 Nd4 10. Qd2 Rb8 11. Nd1 Bd7 12. c3 Nc6 13. f4 b5 14. Nf3 b4 15. 0-0 Qc8 16. Kh2 h5 17. Ne3 Qd8 18. f5 g5 19. Nxg5 Ne5 20. Nd5 Bh6 21. f6 e6 22. Ne7 Qb6 23. h4 a5 24. Qe2 Bf8 25. Bf3 Nxf3+ 26. Qxf3 Rh6 27. Ng8 Rh8 28. Ne7 Rh6 29. Ng8 Rh8 1/2-1/2